[Event "GCT Cote d Ivoire Blitz 2019"]
[Site "Abidjan"]
[Date "2019.05.12"]
[Round "18"]
[White "Wei, Yi"]
[Black "Topalov, Veselin"]
[Result "1/2-1/2"]
[WhiteElo "2737"]
[BlackElo "2736"]
[Annotator "TA"]
[PlyCount "78"]
[EventDate "2019.05.05"]
[EventType "tourn"]
[EventCountry "IVO"]
[SourceTitle "playchess.com"]
[Source "ChessBase"]
[SourceQuality "1"]

{[%evp 9,78,6,0,15,12,5,17,0,0,0,0,0,0,0,0,0,0,0,0,-5,-2,-12,0,0,0,0,0,-7,0,-27,-22,-20,-24,-20,-10,-6,0,-2,-2,-5,0,-12,0,-81,-76,-75,-67,-70,-67,-112,0,0,0,0,0,-22,0,-60,-8,-8,-8,-10,-8,-63,-3,-7,0,-37,0,0,0]} 1. Nf3 d5 2. e3 $146 ({Predecessor:} 2. c4 c6 {½-½ (54) Topalov,V (2785)-Anand,V (2770) Khanty-Mansiysk 2014}) 2... c6 3. c4 Nf6 4. Nc3 Nbd7 5. Qc2 e5 6. cxd5 {A11: English Opening: 1...c6} Nxd5 7. d4 Bd6 8. dxe5 Nxe5 9. Nxe5 Bxe5 10. Qe4 Qe7 $1 11. Nxd5 cxd5 12. Bb5+ Kf8 13. Qxd5 g6 14. O-O Kg7 15. Bd2 Rd8 16. Qxe5+ $1 Qxe5 17. Bc3 {[#]} Qxc3 $1 {[%mdl 512]} 18. bxc3 Be6 19. Ba4 Rd3 20. Rab1 b6 21. Bb3 Bxb3 22. Rxb3 $11 {[%mdl 4096] Endgame KRR-KRR} Rc8 23. Rc1 Rd2 24. Ra3 Rc7 25. Kf1 Rb2 26. c4 {[#]} (26. Rd1 $11 {remains equal.}) 26... Rd7 $1 $17 {[%cal Rd7d2] And now ...Rdd2 would win.} 27. e4 Rdd2 28. Rf3 Rxa2 29. g3 Rdc2 ({Black should try} 29... Rac2 $17 30. Rxc2 Rxc2) 30. Rd1 $1 $11 {[%cal Rd1d7] Black must now prevent Rd7.} Rd2 $1 {[%cal Rd2d1]} ({Weaker is} 30... Rxc4 31. Rd7 $18) 31. Rxd2 Rxd2 {KR-KR} 32. Rc3 Rd7 33. e5 (33. Ke2 $11) 33... Re7 ({Black should play} 33... g5 $15) 34. f4 f6 35. exf6+ Kxf6 36. Kf2 ({Better is} 36. Rc1 $11) 36... Rc7 (36... Ke6 $15) 37. Ke3 b5 {[%cal Bb6b5,Bb5b4][%mdl 32]} 38. c5 b4 39. Rb3 Rxc5 {Accuracy: White = 41%, Black = 41%.} (39... a5 $5 40. Kd4 $8 Ke6 $14) 1/2-1/2

[Event "GCT Cote d Ivoire Blitz 2019"]
[Site "Abidjan"]
[Date "2019.05.12"]
[Round "18"]
[White "Amin, Bassem"]
[Black "So, Wesley"]
[Result "1/2-1/2"]
[WhiteElo "2683"]
[BlackElo "2772"]
[Annotator "TA"]
[PlyCount "57"]
[EventDate "2019.05.05"]
[EventType "tourn"]
[EventCountry "IVO"]
[SourceTitle "playchess.com"]
[Source "ChessBase"]
[SourceQuality "1"]

{[%evp 13,57,11,25,27,24,0,0,7,0,-35,-38,-33,-29,-37,-3,-33,-31,-27,-35,-34,-18,-17,5,0,23,0,20,0,7,6,13,4,10,10,16,0,0,-14,-24,-12,-8,-1,7,-34,0,0]} 1. e4 e5 2. Nf3 Nc6 3. Bc4 Bc5 4. O-O Nf6 5. d3 O-O 6. h3 d6 7. c3 a6 8. Bb3 {C54: Giuoco Piano: 4 c3 Nf6, main lines with 5 d4 and 5 d3} (8. a4 h6 9. Re1 a5 10. Na3 Be6 11. Bxe6 fxe6 12. Nc2 Ba7 13. Be3 Bxe3 14. Nxe3 Qd7 15. Qb3 b6 {½-½ (53) Aronian,L (2767)-Karjakin,S (2773) Saint Louis 2018}) 8... Be6 9. Bc2 {aiming for d4.} d5 10. Ng5 dxe4 $146 ({Predecessor:} 10... Bc8 11. exd5 Qxd5 12. Bb3 Qd8 13. Ne4 Nxe4 14. dxe4 Qe7 15. Nd2 Be6 {½-½ (28) Gierak,S-Guzik,J Krynica 1998}) 11. dxe4 Bc4 12. Re1 Qxd1 13. Rxd1 h6 14. Nf3 Be2 15. Re1 Bxf3 16. gxf3 Nh5 17. Be3 Bxe3 18. fxe3 Rad8 19. Kf2 Nf6 20. b4 Nd7 21. Nd2 Nb6 22. Ke2 Rd6 23. Rad1 Rfd8 24. Bb3 Kf8 25. Nf1 Rxd1 26. Rxd1 Rxd1 27. Kxd1 Ne7 28. Ng3 Nd7 (28... c5 $5) 29. Ke2 {Accuracy: White = 35%, Black = 48%.} 1/2-1/2